00514nmm a2200145Ia 4500008004100000020001800041041000800059100003200067245008100099264006000180300001700240490003100257650002900288856005100317251105s9999||||xx |||||||||||||||||und|| a9789587843644 aspa aCardozo Cadavid, Angélica 0aHistorias del cuerpo : experiencias de mujeres que ejercen la prostitución a[Bogotá, Colombia] :bUniversidad del Rosario, c2019 a78 páginas aTextos de Ciencias Humanas aGender and Women Studies uhttps://public.digitaliapublishing.com/a/65223